Soccer Players by Letter - H - Statistics

General Stats
  • This quiz has been taken 523 times
  • The average score is 9 of 12
Answer Stats
Picture Answer % Correct
Erling Haaland
100%
Thierry Henry
99%
Eden Hazard
95%
Achraf Hakimi
92%
Kai Havertz
91%
Hulk
87%
Gonzalo Higuaín
84%
Mats Hummels
83%
Joe Hart
80%
Gheorghe Hagi
44%
Jimmy Floyd Hasselbaink
30%
Geoff Hurst
21%
No matching quizzes found
Score Distribution
Percent of People with Each Score
Percentile by Number Answered
Your Score History
You have not taken this quiz